000 00287nam a22001337a 4500
008 170508b xxu||||| |||| 00| 0 eng d
020 _a9781422499405
041 _aeng
080 _a342
100 _a14
101 _aSHJ
245 _aADMINISRATIVE LAW
_cSCHUK.P.H
942 _2udc
_cBK
999 _c12991
_d12991